Geography Quiz

Random Geography or State Quiz

US Cities - Same Name Quiz Stats

 Plays Quiz Updated Jul 27, 2017

Challenge
Share
Tweet
Embed
Score 0/30 Timer 09:00
7 Plays Today
Population (2nd largest) City (largest) % Correct
150,640 (MA)Springfield, MO
73.2%
102,285 (CA)Richmond, VA
61.1%
62,561 (ME)Portland, OR
51.8%
142,562 (KS)Kansas City, MO
46.5%
186,984 (GA)Columbus, OH
43.6%
63,158 (TN)Jackson, MS
34.8%
209,969 (VA)*Arlington, TX
33.8%
100,733 (MO)Columbia, SC
33.2%
75,831 (GA)Albany, NY
32.1%
72,592 (DE)Wilmington, NC
29%
100,413 (MN)Rochester, NY
24.2%
66,311 (NC)Concord, CA
21%
171,782 (IL)Aurora, CO
20.4%
73,372 (AR)Fayetteville, NC
18.4%
114,114 (IL)Peoria, AZ
17.6%
Population (2nd largest) City (largest) % Correct
197,176 (CA)Glendale, AZ
16.3%
59,988 (SC)Greenville, NC
15.4%
71,819 (IN)Bloomington, MN
14.9%
76,233 (NC)Jacksonville, FL
13.9%
64,049 (IN)Lafayette, LA
13.2%
70,014 (MA)Lawrence, KS
9.8%
54,626 (PA)Lancaster, CA
8.5%
143,080 (CA)Pasadena, TX
8.5%
56,068 (AL)Decatur, IL
8.2%
55,426 (WA)Auburn, AL
7.2%
55,573 (MA)Medford, OR
5.2%
83,185 (CT)Norwalk, CA
5%
78,444 (CA)Lakewood, CO
3.4%
62,183 (CA)Union City, NJ
2.5%
88,975 (CA)Westminster, CO
2.1%

You're not logged in!

Compare scores with friends on all Sporcle quizzes.
Join for Free
OR
Log In

Show Comments

Extras

Top Quizzes Today


Score Distribution

Your Account Isn't Verified!

In order to create a playlist on Sporcle, you need to verify the email address you used during registration. Go to your Sporcle Settings to finish the process.

Report this User

Report this user for behavior that violates our Community Guidelines.

Details: